00654nam a2200241 a 4500001001300000003000900013005001700022008004100039020001300080082001300093100002100106245002900127260004200156300000900198500003500207505001000242650001600252700002100268902000800289942000700297952009300304999001500397nice12345678IN_TiNIC20260116011445.0050524s1962 phia grp 000 0 eng  ac123.7500a239bKRA aKraemer, Hendrik aWhy Christianity of All. aPhiladelphiabWestminster Pressc1962 a126p aincludes index and biblioraphy2 aIndex aApologetics1 aKraemer, Hendrik bSRS cBK 00104070aHMIbHMId2007-06-21g123.75l0o239 KRAp02062r2007-06-21w2026-01-16yEB c1703d1703